| 000 | 00427pab a2200157 454500 | ||
|---|---|---|---|
| 008 | 180718b1998 xxu||||| |||| 00| 0 eng d | ||
| 100 | _aChen Miao-Sheng | ||
| 245 | _aThe study of dynamic demand function and continuous optimal price control model | ||
| 260 | _c1998 | ||
| 300 | _ap.65-80 | ||
| 362 | _aJul | ||
| 650 | _aPrice policy | ||
| 700 | _aChen Chuan-Biau | ||
| 773 | _aIndian Journal of Economics | ||
| 909 | _a40286 | ||
| 999 |
_c40286 _d40286 |
||